| 000 | 01671nam a2200349 a 4500 | ||
|---|---|---|---|
| 001 | ebr10217041 | ||
| 003 | CaPaEBR | ||
| 006 | m u | ||
| 007 | cr cn||||||||| | ||
| 008 | 030929s2004 wiu sb s000 0aeng | ||
| 010 | _z 2003021175 | ||
| 020 | _z0299199304 (cloth : alk. paper) | ||
| 040 |
_aCaPaEBR _cCaPaEBR |
||
| 035 | _a(OCoLC)614483351 | ||
| 043 | _an-us--- | ||
| 050 | 1 | 4 |
_aCT275.S87855 _bA3 2004eb |
| 082 | 0 | 4 |
_a306.89/3/092 _aB _222 |
| 100 | 1 |
_aStrasser, Judith, _d1944- |
|
| 245 | 1 | 0 |
_aBlack eye _h[electronic resource] : _bescaping a marriage, writing a life / _cJudith Strasser. |
| 260 |
_aMadison : _bUniversity of Wisconsin Press, _cc2004. |
||
| 300 | _axi, 350 p. | ||
| 504 | _aIncludes bibliographical references (347-348). | ||
| 505 | 0 | _aUnpleasant truths -- Questions of politics -- Intimate strangers -- Losses -- True colors -- Clear vision -- Standards of performance -- Selective attention -- Tokens of love -- Diffidence -- "I Jumped for it" -- Jekyll and Hyde -- Halcyon days -- Cause and effect -- Trouble on its way -- Enormous rage -- The gift. | |
| 533 |
_aElectronic reproduction. _bPalo Alto, Calif. : _cebrary, _d2013. _nAvailable via World Wide Web. _nAccess may be limited to ebrary affiliated libraries. |
||
| 600 | 1 | 0 |
_aStrasser, Judith, _d1944- _xMarriage. |
| 600 | 1 | 0 |
_aKingsley, Stu _xMarriage. |
| 650 | 0 |
_aMarried people _zUnited States _vBiography. |
|
| 650 | 0 |
_aDysfunctional families _zUnited States. |
|
| 655 | 7 |
_aElectronic books. _2local |
|
| 710 | 2 | _aebrary, Inc. | |
| 856 | 4 | 0 |
_uhttp://site.ebrary.com/lib/rucke/Doc?id=10217041 _zAn electronic book accessible through the World Wide Web; click to view |
| 999 |
_c231520 _d231520 |
||